000
00316 a2200145 4500
001
62148
020
_a
040
_c
Anchieta - Pituba
100
_a
Vasconcellos, Paulo Sérgio de
240
1
0
_a
Cupido e psiquê
_l
por
245
1
0
_a
Cupido e psiquê
300
_a
75
650
4
_a
Literatura juvenil
942
_c
BK
999
_c
62148
_d
62148